After the beginning : (رقم التسجيلة. 32418)

تفاصيل مارك
000 -الفاتح
حقل البيانات ثابتة الطول 01490cam a22003977a 4500
001 - رقم الضبط
رقم الضبط 14387961
003 - محدد رقم الضبط
رقم الضبط OSt
005 - وقت وتاريخ اخر تعامل مع التسجيلة
رقم الضبط 20150408114156.0
008 - عناصر البيانات ثابتة الطول - معلومات عامة
حقل البيانات ثابتة الطول 060524s2004 si a b 001 0 eng d
010 ## - رقم ضبط مكتبة الكونجرس
رقم ضبط مكتبة الكونجرس 2006276584
020 ## - الرقم الدولى المعيارى للكتب
الرقم الدولى المعيارى للكتاب 9781860944482
020 ## - الرقم الدولى المعيارى للكتب
الرقم الدولى المعيارى للكتاب 1860944485 (pbk.)
035 ## - رقم ضبط النظام
رقم ضبط النظام (OCoLC)ocm57048731
040 ## - مصدر الفهرسة
وكالة الفهرسة الأصلية SINIE
وكالة النسخ SINIE
وكالة التعديل CUY
-- OCLCQ
-- MEA
-- IAI
-- OCL
-- VP@
-- IXA
-- BAKER
-- MUQ
-- NLGGC
-- DLC
042 ## - رمز التحقق
رمز التحقق lccopycat
050 00 - رقم طلب مكتبة الكونجرس
رقم التصنيف QB981
رقم المادة .G58 2004
082 ## - رقم تصنيف ديوى العشرى
رقم الطبعة 22
رقم التصنيف 520
رقم المادة GNA
084 ## - رقم تصنيف آخر
رقم التصنيف 39.30
مصدر الرقم bcl
100 1# - المدخل الرئيسى - إسم شخصى
الإسم الشخصى Glendenning, Norman K.
9 (RLIN) 40638
245 10 - بيان العنوان
العنوان After the beginning :
بقية العنوان a cosmic journey through space and time /
بيان المسئوليه,etc Norman K. Glendenning.
246 30 - العنوان الموازى
عنوان صحيح/عنوان مختصر Cosmic journey through space and time
260 ## - PUBLICATION, DISTRIBUTION, ETC. (IMPRINT)
مكان الناشر او الموزع Singapore ;
-- Hackensack, NJ :
اسم الناشر او الموزع World Scientific ;
مكان الناشر او الموزع London :
اسم الناشر او الموزع Imperial College Press,
تاريخ النشر أو التوزيع c2004.
300 ## - الوصف المادى
التعداد xvii, 208 p. :
تفاصيل ماديه اخرى للوعاء ill. (some col.) ;
أبعاد الوعاء 24 cm.
504 ## - تبصرة ببليوجرافية
تبصرة ببليوجرافية,الخ Includes bibliographical references (p. 198-200) and index.
650 #0 - المدخل الاضافى بالموضوع-مصطلح موضوعى
مصطلح موضوعي أو اسم جغرافي كعنصر مدخل Cosmology.
9 (RLIN) 8827
650 #6 - المدخل الاضافى بالموضوع-مصطلح موضوعى
مصطلح موضوعي أو اسم جغرافي كعنصر مدخل Cosmologie.
9 (RLIN) 40639
650 17 - المدخل الاضافى بالموضوع-مصطلح موضوعى
مصطلح موضوعي أو اسم جغرافي كعنصر مدخل Kosmologie.
مصدر الرأس أو المصطلح gtt
9 (RLIN) 40640
650 17 - المدخل الاضافى بالموضوع-مصطلح موضوعى
مصطلح موضوعي أو اسم جغرافي كعنصر مدخل Oerexplosie.
مصدر الرأس أو المصطلح gtt
9 (RLIN) 40641
650 17 - المدخل الاضافى بالموضوع-مصطلح موضوعى
مصطلح موضوعي أو اسم جغرافي كعنصر مدخل Buitenaardse ruimte.
مصدر الرأس أو المصطلح gtt
9 (RLIN) 40642
650 17 - المدخل الاضافى بالموضوع-مصطلح موضوعى
مصطلح موضوعي أو اسم جغرافي كعنصر مدخل Tijd.
مصدر الرأس أو المصطلح gtt
9 (RLIN) 40643
651 #6 - المدخل الاضافى بالموضوع - اسم جغرافى
الاسم الجغرافي Univers.
9 (RLIN) 40644
856 41 - الوصول و الموقع الالكترونى
مواد محددة Table of contents only
معرف المصدر الموحد <a href="http://www.loc.gov/catdir/toc/fy0612/2006276584.html">http://www.loc.gov/catdir/toc/fy0612/2006276584.html</a>
906 ## - عنصر بيانات محلى F, LDF (RLIN)
a 7
b cbc
c copycat
d 2
e ncip
f 20
g y-gencatlg
942 ## - عناصر المدخل الإضافي( كوها)
مصدر التصنيف او مخطط الترفيف Dewey Decimal Classification
Koha [default] item type DVD
المقتنيات
حالة الفقد نموذج السعر الفعال حالة تلف ليس للاعارة رقم الطلب تاريخ الاكتساب الموقع الحالي الفرع الرئيسي Date last seen نوع المادة فى نظام كوها مصدر التصنيف او خطة الترفيف Total Checkouts
  2013-11-18     520 GNA 2013-11-18 المكتبة المركزية بالمجمعة (CL) المكتبة المركزية بالمجمعة (CL) 2013-11-18 كتاب Dewey Decimal Classification